| 000 | 00823nam a22002537a 4500 | ||
|---|---|---|---|
| 003 | DO-SdBNP | ||
| 005 | 20260120073951.0 | ||
| 007 | ta | ||
| 008 | 220207b2019 dr a|||| |||| 00| 0 spa d | ||
| 020 | _a9789929814585 | ||
| 040 |
_aDO-SdBNP _bspa _cBNPHU |
||
| 082 | 4 |
_a158.1 _bC957c _222 |
|
| 100 | 1 |
_aCruz, Anibelka _981166 |
|
| 245 | 1 | 0 |
_aCóctel de risas, piano y llanto / _cAnibelka Cruz. |
| 260 |
_aSanto Domingo : _bVérité Editorial Group, _c2019. |
||
| 300 |
_a95 p. : _bil., retrs. ; _c21 cm. |
||
| 500 | _aIncluye datos biográficos de la autora en las páginas 94-95 | ||
| 590 | _aInventariado, 2022 /LP | ||
| 650 | 4 |
_aAutorrealización (Psicología) _9211 |
|
| 650 | 0 |
_aAutoestima _9212 |
|
| 650 | 0 |
_aVida espiritual _9268 |
|
| 910 | _aLopérez./Validado. Control de calidad MFF | ||
| 942 |
_2ddc _cLBS1 |
||
| 999 |
_c51360 _d51360 |
||